[Event "Torun op"]
[Site "Torun"]
[Date "2002.??.??"]
[Round "1"]
[White "Mallek, K."]
[Black "Tokarski, Bartosz"]
[Result "0-1"]
[WhiteElo "1600"]
[BlackElo "1800"]
[PlyCount "102"]
[EventDate "2002.??.??"]
[EventType "swiss"]
[EventRounds "9"]
[EventCountry "POL"]
[SourceTitle "EXT 2007"]
[Source "ChessBase"]
[SourceDate "2006.11.23"]
[SourceVersion "1"]
[SourceVersionDate "2006.11.23"]
[SourceQuality "1"]

1. e4 e5 2. Nf3 Nf6 3. Nc3 Nc6 4. Bc4 Bb4 5. a3 Bxc3 6. dxc3 0-0 7. Qd3 d6 8. Bg5 Be6 9. Bxe6 fxe6 10. 0-0-0 Qd7 11. Nd2 d5 12. Bxf6 Rxf6 13. f3 Rd8 14. exd5 exd5 15. Ne4 Rf7 16. Nc5 Qc8 17. c4 b6 18. Na4 Qa6 19. Nc3 Qxc4 20. Qxc4 dxc4 21. Rxd8+ Nxd8 22. Rd1 Nc6 23. Nd5 Nd4 24. Re1 c6 25. Ne3 e4 26. c3 Nb3+ 27. Kc2 exf3 28. Nxc4 fxg2 29. Rg1 Na1+ 30. Kd3 Rd7+ 31. Ke4 Nb3 32. Rxg2 Nc5+ 33. Kf5 Rd5+ 34. Ne5 Nd7 35. Re2 Nxe5 36. Rxe5 Rxe5+ 37. Kxe5 Kf7 38. Kd6 c5 39. Kc6 g5 40. Kb7 h5 41. Kxa7 g4 42. Kxb6 h4 43. a4 g3 44. hxg3 hxg3 45. Kxc5 g2 46. b4 g1Q+ 47. Kb5 Ke7 48. a5 Kd7 49. c4 Kc7 50. c5 Qf1+ 51. Ka4 Kc6 0-1